Detalles MARC
| 000 -CABECERA |
| campo de control de longitud fija |
02670nam a2200277 i 4500 |
| 003 - IDENTIFICADOR DEL NÚMERO DE CONTROL |
| campo de control |
DO-SdBNP |
| 005 - FECHA Y HORA DE LA ÚLTIMA TRANSACCIÓN |
| campo de control |
20260202091016.0 |
| 007 - CAMPO FIJO DE DESCRIPCIÓN FÍSICA--INFORMACIÓN GENERAL |
| campo de control de longitud fija |
ta |
| 008 - DATOS DE LONGITUD FIJA--INFORMACIÓN GENERAL |
| campo de control de longitud fija |
230717b1997 dr ||||| |||| 00| 0 spa d |
| 040 ## - FUENTE DE LA CATALOGACIÓN |
| Centro catalogador/agencia de origen |
DO-SdBNP |
| Lengua de catalogación |
spa |
| Centro/agencia transcriptor |
BNPHU |
| Normas de descripción |
rda |
| 082 #4 - NÚMERO DE LA CLASIFICACIÓN DECIMAL DEWEY |
| Número de clasificación |
155.2 |
| Número de documento/Ítem |
S583l |
| Número de edición |
22 |
| 100 1# - ENTRADA PRINCIPAL--NOMBRE DE PERSONA |
| Nombre de persona |
Silié Gatón, José A., |
| Fechas asociadas al nombre |
1920-2014 |
| Término indicativo de función/relación |
autor |
| 9 (RLIN) |
747 |
| 245 10 - MENCIÓN DE TÍTULO |
| Título |
Luz celeste : |
| Resto del título |
temas morales / |
| Mención de responsabilidad, etc. |
José A. Silié Gatón ; prólogo, Sérvulo Natera Candelario |
| 264 #1 - PRODUCCIÓN, PUBLICACIÓN, DISTRIBUCIÓN, FABRICACIÓN Y COPYRIGHT |
| Producción, publicación, distribución, fabricación y copyright |
Santo Domingo : |
| Nombre del de productor, editor, distribuidor, fabricante |
Banco Central de la República Dominicana, |
| Fecha de producción, publicación, distribución, fabricación o copyright |
1997. |
| 300 ## - DESCRIPCIÓN FÍSICA |
| Extensión |
xi, 320 páginas ; |
| Dimensiones |
23 cm. |
| 336 ## - TIPO DE CONTENIDO |
| Fuente |
rdacontent |
| Término de tipo de contenido |
texto |
| Código de tipo de contenido |
txt |
| 337 ## - TIPO DE MEDIO |
| Fuente |
rdamedia |
| Nombre/término del tipo de medio |
sin mediación |
| Código del tipo de medio |
n |
| 338 ## - TIPO DE SOPORTE |
| Fuente |
rdacarrier |
| Nombre/término del tipo de soporte |
volumen |
| Código del tipo de soporte |
nc |
| 505 0# - NOTA DE CONTENIDO CON FORMATO |
| Nota de contenido con formato |
Prólogo -- |
| Título |
Introducción -- |
| Mención de responsabilidad |
Primera parte. |
| Título |
Progreso personal -- |
| -- |
Desarrollo personal -- |
| -- |
El desafío de hoy -- |
| -- |
Conceptos básicos -- |
| -- |
Construya su destino -- |
| -- |
Modos de ser -- |
| -- |
Las propias iniciativas -- |
| -- |
Mirada al porvenir -- |
| -- |
Podemos triunfar -- |
| -- |
Modo de avanzar -- |
| -- |
Modos del pensamiento -- |
| -- |
Probarse a sí mismo -- |
| -- |
Idealidad -- |
| -- |
El hombre actual -- |
| -- |
Estímulo de la cultura -- |
| -- |
Formalidad -- |
| -- |
Decisión -- |
| -- |
El poder de la persuasión -- |
| -- |
El placer de la compañía -- |
| -- |
Sensaciones humanas -- |
| -- |
Valor de la contemplación -- |
| -- |
Algo sobre la risa -- |
| -- |
El destino común -- |
| -- |
Solidaridad -- |
| Información miscelánea |
Segunda parte. |
| Título |
La familia -- |
| -- |
Relación familiar y sociedad -- |
| -- |
Preservación de la salud -- |
| -- |
La libertad -- |
| -- |
Libertad y personalidad -- |
| -- |
Derecho y libertad de médicos y pacientes -- |
| -- |
Personalidad adolescente -- |
| -- |
Cómo la gente se quiere más -- |
| -- |
Tratamiento social -- |
| -- |
Rasgos diferentes de la juventud -- |
| -- |
El arte de la amistad -- |
| Información miscelánea |
Tercera parte. |
| Título |
Moral social -- |
| -- |
Normas de urbanidad -- |
| -- |
Decencia personal -- |
| -- |
El mérito de la disciplina -- |
| -- |
El liderazgo -- |
| -- |
La virtud del trabajo -- |
| -- |
Signos de paz -- |
| -- |
Elogio de la juventud -- |
| Información miscelánea |
Cuarta parte. |
| Título |
Relaciones sociales -- |
| -- |
Una sociedad mejor -- |
| -- |
La cuestión electoral -- |
| -- |
El aprendizaje -- |
| -- |
Juventud y política -- |
| -- |
La juventud y medio ambiente -- |
| -- |
El joven maestro -- |
| -- |
Justicia -- |
| -- |
Los derechos humanos -- |
| -- |
Educación institucional -- |
| Información miscelánea |
Quinta parte. |
| Título |
Aspectos conductuales -- |
| -- |
Aliciente de la vida -- |
| -- |
La timidez dominada -- |
| -- |
Rectificación del comportamiento -- |
| -- |
No al vicio degradante -- |
| -- |
La no resignación -- |
| -- |
Pasión por la intriga -- |
| -- |
No al delito -- |
| -- |
Cuidado del lenguaje -- |
| -- |
No a la apatía -- |
| -- |
No a la agresividad -- |
| -- |
Espíritu de servicio -- |
| -- |
Expresiones humanas negativas. |
| 590 ## - NOTA LOCAL (RLIN) |
| Nota local |
Inventariado, 2023/BT |
| 650 #0 - PUNTO DE ACCESO ADICIONAL DE MATERIA--TÉRMINO DE MATERIA |
| Término de materia o nombre geográfico como elemento de entrada |
Desarrollo de la personalidad |
| 9 (RLIN) |
1190 |
| 650 #0 - PUNTO DE ACCESO ADICIONAL DE MATERIA--TÉRMINO DE MATERIA |
| Término de materia o nombre geográfico como elemento de entrada |
Relaciones humanas |
| 9 (RLIN) |
606 |
| 700 1# - PUNTO DE ACCESO ADICIONAL--NOMBRE DE PERSONA |
| Código de función/relación |
Natera Candelario, Sérvulo, |
| Nombre de persona |
prologuista |
| Término indicativo de función/relación |
pr. |
| 9 (RLIN) |
83782 |
| 910 ## - DATOS DE OPCIÓN DEL USUARIO (OCLC) |
| Datos de opción del usuario |
Btavárez |
| 942 ## - ELEMENTOS DE PUNTO DE ACCESO ADICIONAL (KOHA) |
| Fuente del sistema de clasificación o colocación |
Dewey Decimal Classification |
| Tipo de ítem Koha |
Libro |